000 01004nam a22003377i 4500
003 URS
005 20220114152353.0
008 171204b xxu||||| |||| 00| 0 eng d
020 _a9780071271325
040 _erda
_cURSP-College Library
_beng
050 0 0 _aHQ778.63
_b362.071 M52i 2009
100 1 _aGonzalez-Mena, Janet.
245 1 0 _aInfants, toddlers, and caregivers :
250 _a8th ed.
264 1 _aNew York :
_bMcGraw-Hill,
_c[2009]
264 4 _c©2009
300 _axxx, 370 pages :
_billustrations ;
_c23cm
336 _atext
_btxt
_2rdacontent
337 _aunmediated
_bn
_2rdamedia
338 _avolume
_bnc
_2rdacarrier
500 _aIncludes index
650 0 _aChild care
650 0 _aChild development
650 0 _aEducation, Preschool
650 1 2 _aChild Care.
650 1 2 _aChild Development.
650 2 2 _aEarly Intervention (Education)
700 1 _aEyer, Dianne Widmeyer.
856 4 1 _uhttp://www.loc.gov/catdir/toc/ecip0824/2008033006.html
942 _cFR
_2lcc
999 _c6451
_d6451